000 00303nam a2200121Ia 4500
008 231129s9999||||xx |||||||||||||| ||spa||
040 _bspa
082 _a901.9 R811h
100 _aRoselle Daniel
245 0 _aHistoria de la humanidad : Historia antigua y media
264 _aNorma
942 _2ddc
_cBKS
999 _c15124
_d15124